Rez do živého nezabudnuteľný príbeh lásky, zrady a odpúšťania
Guardado en:
| Autor principal: | |
|---|---|
| Otros Autores: | |
| Formato: | Libro |
| Lenguaje: | eslovaco |
| Publicado: |
Bratislava
Ikar
2011
|
| Materias: | |
| Etiquetas: |
Sin Etiquetas, Sea el primero en etiquetar este registro!
|
MARC
| LEADER | 00000nam a2200000 4500 | ||
|---|---|---|---|
| 001 | 0142257 | ||
| 005 | 20240502072541.1 | ||
| 020 | |a 978-80-551-2426-1 | ||
| 041 | 0 | |a slo | |
| 044 | |a SK | ||
| 245 | 1 | 0 | |a Rez do živého |b nezabudnuteľný príbeh lásky, zrady a odpúšťania |c Abraham Verghese ; preložila Milada Pauleová |
| 264 | 1 | |a Bratislava |b Ikar |c 2011 | |
| 300 | |a 598 s. [30,580 AH] | ||
| 500 | |a Z anglického originálu Cutting for Stone (Vintage Books, A Division of Random House, Inc., New York) | ||
| 610 | 2 | 0 | |a literatúra |
| 100 | 1 | |a Verghese, Abraham | |
| 700 | 1 | |a Pauleová, Milada | |